000 00589nam a2200229Ia 4500
003 OSt
005 20221006165640.0
006 a|||||r|||| 00| 0
007 ta
008 221006b |||||||| |||| 00| 0 eng d
024 _a1,621
037 _cTextual
040 _aFML
_cFML
_beng
041 _2eng
_aeng
082 _aV51wC643, K2
100 _aMercer Charles Au.
_9680217
245 0 _aAlexander The Great
260 _aLondon
_bCassell
_c1964
300 _a154
_ccm.
942 _hV51wC643, K2
_cTEXL
_2CC
999 _c1121588
_d1121588